Egypt.
| Format: | Book |
|---|---|
| Published: |
Singapore:
Apa Publications,
2004.
|
| Series: | Insight guides
|
| Subjects: |
| LEADER | 00409cam a2200157 7i4500 | ||
|---|---|---|---|
| 001 | 0000015376 | ||
| 005 | 20050422090000.0 | ||
| 020 | 0 | 0 | |a 981-234-803-4 |
| 090 | 0 | 0 | |a EGPT 916.2 |b EGY |
| 245 | 0 | 0 | |a Egypt. |
| 260 | 0 | 0 | |a Singapore: |b Apa Publications, |c 2004. |
| 300 | # | # | |a 352 p. |
| 440 | 0 | 0 | |a Insight guides |
| 650 | 0 | 0 | |a Egypt -- |x Guidebooks |
| 651 | 0 | 0 | |a Egypt |
| 999 | |a B000016553 |b Book |c Countries |e Business Information Centre | ||


